000 00270nam a22001217a 4500
008 171104b xxu||||| |||| 00| 0 eng d
041 _aeng
080 _a330.722.6
100 _a61
101 _aKON
245 _aBOOKKEEPING AND ACCOUNTING
_cFREEMAN
942 _2udc
_cBK
999 _c37654
_d37654